000 00776nam a2200169Ia 4500
003 GCL
005 20240530105233.0
008 140319s9999 xx 000 0 ara d
040 _aGCL /
_cGCL
082 0 4 _a251.12
_bج س
100 1 _aالسيوطى : جلال الدين ابوالفضل عبدالرحمن بن ابى بكر بن محمد الخضيرى
245 1 0 _aسفن النسانى, بشرح الحافظ جلال الدين السيوطى وحاشية الامام السندى /
_cالسيوطى : جلال الدين ابوالفضل عبدالرحمن بن ابى بكر بن محمد الخضيرى
260 _a[S.N] :
_bدار الكتب العلمية للنشر والتوزيع
300 _a8 ج
650 0 4 _aكتب التراث
942 _2ddc
_cBK
999 _c54211
_d54211